01008cam a22002772 4500001001100000005001700011008004100028020001700069040001500086100003000101245009700131250001300228260003800241300002100279650003200300650005400332650004000386650007600426700002800502700002800530852001400558908001100572950000600583999001500589952012600604000001954820151217145917.0110107s xx 000 0 eng d a1847034564 : aKABUcKABU1 aBarlow, J. S.@000017930910aWills, administration and taxation law and practice /cJ. S. Barlow, L. C. King, A. G. King. a9th ed. aLondon :bSweet & Maxwell,c2008. axxxviii, 545 p. 0aWillszEngland.@0000179310 0aExcutors and administrationzEngland.@0000179311 0aProbate law & practice.@0000179312 0aInheritance and transfer taxxLaw and legislationzEngland.@00001793131 aKing, L. C.@00001793141 aKing, A. G.@00001793151 9p4940 KES a110107 @1 c3972d3972 00102lcc70aKABUbKABUd2015-12-17l3m1oKD1509 .B37 2008 c. 1p23160r2022-11-09 00:00:00s2022-11-02w2015-12-17yBK